| 000 | 004250000a22001810004500 | ||
|---|---|---|---|
| 003 | MACL | ||
| 005 | 20160123142336.0 | ||
| 008 | 160123b xxu||||| |||| 00| 0 eng d | ||
| 040 |
_aMACL _cMACL |
||
| 041 | _aEnglish | ||
| 082 | _a540 | ||
| 100 |
_aSharma, Sanjay _934303 |
||
| 245 | _aAIEEE Chemistry | ||
| 260 |
_bArihant prakashan _c2011 _aMeerut |
||
| 350 | _a610 | ||
| 650 |
_aChemistry _934304 |
||
| 942 |
_cBK _k540 _2ddc |
||
| 999 |
_c45657 _d45657 |
||